00467nam a2200157 a 45000010005000000030005000050050017000100080041000270200015000680400020000831000025001032450096001282600034002244900026002586500025002841622CDMR20130611101433.0130130s1975||||||||||||||||||||||||||||d a8425208653 aCDMRbcatcCDMR1 aIvins, William Mills10aImagen impresa y conocimientob: análisis de la imagen prefotográficacW. M. Ivins, jr. aBarcelonac1975bGustavo Gili0 aComunicación visual04aComunicació visual